000
00286nam a2200109Ia 4500
001
588698
005
20250717120836.0
008
250717s9999 xx 000 0 und d
245
0
_a
Y-4 II .ABDÜLHAMİDİN ÇOCUKLUK DERSLERİ
_c
ELİF AYLA
260
_b
HAYY YAYINLARI
_c
2018
300
_b
95
999
_c
588698
_d
588698